00668nam a22001697a 4500003000900000008004100009040007100050082002000121100001900141245006500160260006700225300002800292505012600320650001400446650002100460650001700481AR-CdUCM190523b ||||| |||| 00| 0 spa d aMUNICIPALIDAD PROVINCIAL DEL CUSCOcBIBLIOTECA MUNICIPAL DEL CUSCO a621.3112 /bA31 aAguedo, José aEnergía y región :bel debate sobre energía regional / aPiura :bCentro de Invest. y Promoción del Campesino,c1994. a197 páginas ;c22 cm. aContenido: Oferta energética -- Demanda energética -- Gestión de energía -- Mesa de trabajo energía regional... aEnergía aMesas de trabajo aIngeniería